00457nam a2200133 a 4500008004100000050001900041100002200060245014400082250001400226260003700240300002100277350000900298700001600307120416s1971 ||||||||||||||||| || u aREF TJ 151 Obe aJones, Franklin D10aMachinery's handbook: a reference book for the mechanical engineer, draftsman, toolmaker and machinistcby Erik Oberg and Franklin D. Jones a19th rev. aNew YorkbIndustrial Pressc1971 axi, 2420p. : ill a0.00 aOberg, Erik